[Event "4NCL Division 3s"]
[Site "Daventry Court ENG"]
[Date "2014.11.15"]
[Round "1.227"]
[White "Alcock, Graham P"]
[Black "Nandi, Robin"]
[Result "1/2-1/2"]
[WhiteElo "1677"]
[BlackElo "1952"]
[PlyCount "126"]
[EventDate "2014.11.15"]
[WhiteTeam "Surbiton 2"]
[BlackTeam "Oxford 2"]

1. e4 e5 2. Nf3 Nc6 3. Bc4 Bc5 4. c3 Nf6 5. d3 d6 6. h3 O-O 7. Bg5 h6 8. Bh4 a6
9. b4 Bb6 10. Nbd2 a5 11. b5 Nb8 12. a4 Re8 13. O-O Nbd7 14. Ba2 Nf8 15. Nc4
Ng6 16. Nxb6 cxb6 17. Bg3 Qe7 18. Nh4 Be6 19. Nxg6 fxg6 20. Bxe6+ Qxe6 21. c4
Rf8 22. f3 Nd7 23. Rc1 Rac8 24. Bf2 g5 25. Qd2 Nc5 26. Qd1 Rc7 27. d4 Nd7 28.
dxe5 Qxe5 29. Qd5+ Qxd5 30. cxd5 Rfc8 31. Rxc7 Rxc7 32. Bg3 Ne5 33. Bxe5 dxe5
34. Rd1 Kf7 35. Kf2 Rc4 36. Ra1 Ke7 37. Ra2 Kd6 38. Ke3 h5 39. Ra3 Rc2 40. Rd3
Rxg2 41. Rd2 Rg1 42. Ra2 Rg3 43. Rh2 g4 44. hxg4 hxg4 45. Rf2 Ke7 46. Ke2 gxf3+
47. Rxf3 Rg4 48. Kd3 Rg1 49. Kc3 Ra1 50. Kb3 Re1 51. Rg3 Rxe4 52. Rxg7+ Kd6 53.
Rxb7 Kxd5 54. Rxb6 Re3+ 55. Kb2 Kc5 56. Re6 Kb4 57. b6 Kxa4 58. b7 Rb3+ 59. Ka2
Rxb7 60. Rxe5 Rb4 61. Rh5 Rg4 62. Rh2 Kb4 63. Rb2+ Ka4 1/2-1/2

[Event "4NCL Division 3s"]
[Site "Daventry Court ENG"]
[Date "2014.11.15"]
[Round "1.228"]
[White "Terry, Sean"]
[Black "Durrant, Paul EO"]
[Result "0-1"]
[WhiteElo "1930"]
[BlackElo "1490"]
[PlyCount "76"]
[EventDate "2014.11.15"]
[WhiteTeam "Oxford 2"]
[BlackTeam "Surbiton 2"]

1. e4 c5 2. Nf3 a6 3. b3 b5 4. c4 Bb7 5. e5 bxc4 6. bxc4 e6 7. Be2 Ne7 8. O-O
Ng6 9. Bb2 Qc7 10. Re1 Nc6 11. Bf1 Be7 12. g3 Rb8 13. Bc3 O-O 14. Bg2 Nb4 15.
Re3 Bxf3 16. Bxf3 Bg5 17. Re4 f5 18. exf6 Bxf6 19. Bh5 Ne7 20. f4 Nf5 21. Bxf6
Rxf6 22. d3 g6 23. a3 Nc6 24. Bf3 Ncd4 25. Nd2 Rb2 26. Bg2 Qa5 27. Nf1 Nd6 28.
Re3 Qb6 29. Qa4 N6f5 30. Ree1 Rf7 31. Rad1 Ne2+ 32. Rxe2 Rxe2 33. Bh3 Nd4 34.
Bg4 Ra2 35. Rd2 Ra1 36. Bd1 Qb1 37. Kg2 Qc1 38. Qxa6 Nb3 0-1

[Event "4NCL Division 3s"]
[Site "Daventry Court ENG"]
[Date "2014.11.15"]
[Round "1.229"]
[White "Tivillier, Jacques"]
[Black "Neatherway, A Philip"]
[Result "0-1"]
[WhiteElo "1652"]
[BlackElo "1854"]
[PlyCount "23"]
[EventDate "2014.11.15"]
[WhiteTeam "Surbiton 2"]
[BlackTeam "Oxford 2"]

1. e4 c5 2. Nf3 e6 3. g3 d5 4. d3 dxe4 5. dxe4 Qxd1+ 6. Kxd1 Nc6 7. Bb5 Bd7 8.
Nc3 Nf6 9. h3 a6 10. Bxc6 Bxc6 11. Bg5 Nxe4 12. Be3 0-1

[Event "4NCL Division 3s"]
[Site "Daventry Court ENG"]
[Date "2014.11.15"]
[Round "1.235"]
[White "Adams, Mark"]
[Black "Jones, Christopher M"]
[Result "0-1"]
[WhiteElo "1996"]
[BlackElo "2074"]
[PlyCount "60"]
[EventDate "2014.11.15"]
[WhiteTeam "The Full Ponty"]
[BlackTeam "The Rookies"]

1. e4 e5 2. Nf3 Nc6 3. Bb5 f5 4. d3 Nf6 5. O-O Bc5 6. exf5 O-O 7. Nc3 d6 8. Ne4
Bb6 9. Ng3 Ne7 10. Qe2 Nxf5 11. Nxf5 Bxf5 12. Be3 Bg4 13. h3 Bh5 14. Bxb6 axb6
15. Qe3 Kh8 16. Nh2 Nd5 17. Qd2 Nf4 18. f3 d5 19. d4 c6 20. Bd3 exd4 21. Rfd1
c5 22. Bf1 Qf6 23. a3 Rae8 24. Re1 Qg5 25. Rxe8 Rxe8 26. Kh1 Re2 27. Qxf4 Qxf4
28. Bxe2 Qd2 29. Bd3 c4 30. Nf1 Qf2 0-1

[Event "4NCL Division 3s"]
[Site "Daventry Court ENG"]
[Date "2014.11.15"]
[Round "1.236"]
[White "Compton, Alistair"]
[Black "Vaughan, David O"]
[Result "1/2-1/2"]
[WhiteElo "2071"]
[BlackElo "2026"]
[PlyCount "48"]
[EventDate "2014.11.15"]
[WhiteTeam "The Rookies"]
[BlackTeam "The Full Ponty"]

1. e4 e5 2. Bc4 Nf6 3. d4 exd4 4. Nf3 Nc6 5. O-O Nxe4 6. Re1 d5 7. Bxd5 Qxd5 8.
Nc3 Qd8 9. Rxe4+ Be7 10. Nxd4 f5 11. Rf4 O-O 12. Nxc6 Qxd1+ 13. Nxd1 bxc6 14.
Be3 Be6 15. Ra4 a6 16. f3 Rfb8 17. b3 Rb4 18. Rxb4 Bxb4 19. a3 Bd6 20. Nf2 c5
21. Rd1 c4 22. b4 a5 23. c3 axb4 24. axb4 Ra3 1/2-1/2

[Event "4NCL Division 3s"]
[Site "Daventry Court ENG"]
[Date "2014.11.15"]
[Round "1.237"]
[White "Perrett, David C"]
[Black "Gibson, Christopher A"]
[Result "1/2-1/2"]
[WhiteElo "1942"]
[BlackElo "2004"]
[PlyCount "31"]
[EventDate "2014.11.15"]
[WhiteTeam "The Full Ponty"]
[BlackTeam "The Rookies"]

1. d4 d5 2. c4 e6 3. Bf4 Bb4+ 4. Nc3 Nf6 5. Qa4+ Nc6 6. a3 Bd6 7. Bxd6 Qxd6 8.
e3 dxc4 9. Qxc4 O-O 10. Nf3 Re8 11. Rd1 Qe7 12. Be2 Na5 13. Qa4 b6 14. b4 Bd7
15. Qc2 Nb7 16. Ne5 1/2-1/2

[Event "4NCL Division 3s"]
[Site "Daventry Court ENG"]
[Date "2014.11.15"]
[Round "1.238"]
[White "Piper, Stephen J"]
[Black "Davies, Peter"]
[Result "1/2-1/2"]
[WhiteElo "2048"]
[BlackElo "1973"]
[PlyCount "95"]
[EventDate "2014.11.15"]
[WhiteTeam "The Rookies"]
[BlackTeam "The Full Ponty"]

1. c4 Nf6 2. Nc3 c5 3. g3 g6 4. Bg2 Bg7 5. d3 O-O 6. e4 d6 7. Nge2 Nc6 8. h3 e5
9. Bg5 h6 10. Be3 Rb8 11. Qd2 Kh7 12. O-O Nd4 13. f4 Ng8 14. f5 b5 15. fxg6+
fxg6 16. Rxf8 Qxf8 17. Bxd4 cxd4 18. Nxb5 a6 19. Na3 h5 20. Rf1 Qe7 21. b3 Be6
22. Nc2 Nf6 23. Kh2 Qc7 24. Ng1 Bh6 25. Qe1 Rf8 26. Nf3 Qb6 27. Kh1 Qc7 28. h4
Bg4 29. Ng5+ Kg8 30. Rf2 Qe7 31. Nb4 Bc8 32. Nh3 Ng4 33. Rxf8+ Qxf8 34. Nd5 Ne3
35. Nxe3 Bxe3 36. Qf1 Bg4 37. Qxf8+ Kxf8 38. Bf1 Bxh3 39. Bxh3 a5 40. Kg2 Ke7
41. Kf3 Bd2 42. Ke2 Bc3 43. Kf3 Kf6 44. Bd7 Be1 45. a3 Bc3 46. Ke2 Kg7 47. Kd1
Kf7 48. Ke2 1/2-1/2

[Event "4NCL Division 3s"]
[Site "Daventry Court ENG"]
[Date "2014.11.15"]
[Round "1.239"]
[White "Thomas, Gary"]
[Black "Jaszkiwskyj, Peter"]
[Result "0-1"]
[WhiteElo "1855"]
[BlackElo "1950"]
[PlyCount "68"]
[EventDate "2014.11.15"]
[WhiteTeam "The Full Ponty"]
[BlackTeam "The Rookies"]

1. d4 d5 2. Nf3 Nf6 3. e3 c5 4. b3 Nc6 5. Bb2 e6 6. Bd3 Be7 7. O-O O-O 8. Nbd2
b6 9. Ne5 Bb7 10. f4 Rc8 11. Kh1 Nb4 12. Ndf3 Nxd3 13. cxd3 cxd4 14. Nxd4 Bc5
15. f5 Qe7 16. fxe6 fxe6 17. Qe2 a6 18. Ng4 Nd7 19. Nh6+ Kh8 20. Ndf5 exf5 21.
Nxf5 Rxf5 22. Rxf5 d4 23. e4 Ne5 24. b4 Bd6 25. Bxd4 Nxd3 26. e5 Nxb4 27. Raf1
Bd5 28. Qh5 Bc5 29. Rc1 g6 30. Qg5 Qxg5 31. Rxg5 Kg8 32. e6 Nd3 33. Rxc5 bxc5
34. Rxd5 cxd4 0-1

[Event "4NCL Division 3s"]
[Site "Daventry Court ENG"]
[Date "2014.11.15"]
[Round "1.240"]
[White "Ressel, Eva"]
[Black "Dixon, Chris"]
[Result "0-1"]
[WhiteElo "1531"]
[BlackElo "1822"]
[PlyCount "94"]
[EventDate "2014.11.15"]
[WhiteTeam "The Rookies"]
[BlackTeam "The Full Ponty"]

1. e4 d6 2. d4 Nf6 3. Nc3 g6 4. Nf3 Bg7 5. Bc4 O-O 6. O-O e6 7. Bg5 h6 8. Bxf6
Bxf6 9. e5 Bg7 10. Bb3 d5 11. Ne2 b6 12. c4 c6 13. Rc1 Bb7 14. c5 bxc5 15. Rxc5
Nd7 16. Rc1 Rc8 17. Nc3 Ba6 18. Re1 c5 19. dxc5 Nxc5 20. Na4 Nxa4 21. Bxa4 Rxc1
22. Qxc1 Qa5 23. Bb3 Rc8 24. Qe3 Qc5 25. h3 Qxe3 26. Rxe3 Bf8 27. Kh2 Bc5 28.
Rc3 Bxf2 29. Rxc8+ Bxc8 30. g3 Be3 31. Bd1 Ba6 32. b4 Bc4 33. a4 a6 34. g4 Kf8
35. Kg3 Ke7 36. h4 Kd7 37. g5 hxg5 38. hxg5 Bc1 39. Kf2 Ba3 40. b5 axb5 41.
axb5 Bxb5 42. Be2 Bxe2 43. Kxe2 Bb2 44. Kd3 Kc6 45. Kd2 d4 46. Ke2 Kd5 47. Kd3
Bc3 0-1

[Event "4NCL Division 3s"]
[Site "Daventry Court ENG"]
[Date "2014.11.15"]
[Round "1.246"]
[White "Hughes, Roy"]
[Black "Lewis, Tim"]
[Result "1-0"]
[WhiteElo "2010"]
[BlackElo "1488"]
[PlyCount "123"]
[EventDate "2014.11.15"]
[WhiteTeam "Broadland Bitterns (1)"]
[BlackTeam "Barnet Knights 3"]

1. d4 Nf6 2. Nf3 e6 3. Bf4 b6 4. e3 Bb7 5. Bd3 d6 6. c4 Be7 7. h3 Nbd7 8. O-O
O-O 9. Nc3 c5 10. Qe2 cxd4 11. exd4 Rc8 12. Rfd1 Qc7 13. Rac1 Qb8 14. b4 Qa8
15. Ne1 a6 16. a3 Rfe8 17. Be3 Bd8 18. b5 a5 19. Na4 Ne4 20. Bxe4 Bxe4 21. f3
Bb7 22. Qf2 Qa7 23. Nd3 Be7 24. Nf4 Red8 25. Qg3 Nf6 26. d5 e5 27. Nd3 Nd7 28.
Qf2 Nc5 29. Naxc5 bxc5 30. a4 f5 31. Qe1 Rf8 32. Bd2 Bd8 33. Nf2 Ra8 34. Bc3
Bc8 35. Rb1 Bb6 36. Rb2 Qe7 37. Re2 Qg5 38. Qd2 Qg3 39. f4 Qxf4 40. Qxf4 exf4
41. Re7 Rf7 42. Rde1 Bd8 43. Re8+ Rf8 44. Bd2 g5 45. h4 h6 46. Nh3 Bd7 47.
Rxf8+ Kxf8 48. hxg5 hxg5 49. g3 fxg3 50. Nxg5 Bc7 51. Bf4 Re8 52. Rxe8+ Bxe8
53. Ne6+ Ke7 54. Nxc7 Bh5 55. b6 Kd7 56. Nb5 Kc8 57. Nxd6+ Kb8 58. Nxf5+ Kb7
59. Bc7 Bd1 60. Nd6+ Ka6 61. b7 g2 62. b8=Q 1-0

[Event "4NCL Division 3s"]
[Site "Daventry Court ENG"]
[Date "2014.11.15"]
[Round "1.247"]
[White "Karia, Devin"]
[Black "Duncanson, Henry G"]
[Result "0-1"]
[WhiteElo "1267"]
[BlackElo "2088"]
[PlyCount "132"]
[EventDate "2014.11.15"]
[WhiteTeam "Barnet Knights 3"]
[BlackTeam "Broadland Bitterns (1)"]

1. Nf3 Nf6 2. g3 g6 3. Bg2 Bg7 4. O-O O-O 5. c4 c5 6. Nc3 Nc6 7. d3 e6 8. Bg5
h6 9. Be3 d6 10. Qc1 Kh7 11. Rb1 Rb8 12. a3 Ng4 13. b4 Nxe3 14. fxe3 cxb4 15.
axb4 Qb6 16. b5 Ne7 17. d4 e5 18. c5 dxc5 19. dxe5 Qc7 20. Ne4 Bf5 21. Nd4 Qxe5
22. Nxf5 Nxf5 23. Qxc5 Qxc5 24. Nxc5 Rbc8 25. Nxb7 Nxe3 26. Rf4 Nxg2 27. Kxg2
Rc7 28. Na5 Re8 29. Kf1 Rce7 30. Nc6 Rxe2 31. Rxf7 Rxh2 32. Kg1 Ra2 33. Nxa7
Kg8 34. Rxg7+ Kxg7 35. b6 Ree2 36. b7 Rg2+ 37. Kh1 Rh2+ 38. Kg1 Rag2+ 39. Kf1
Rh1+ 40. Kxg2 Rxb1 41. b8=Q Rxb8 42. Nc6 Rb2+ 43. Kh3 h5 44. Kh4 Kh6 45. Kh3 g5
46. g4 Rb3+ 47. Kg2 hxg4 48. Nd4 Ra3 49. Nf5+ Kg6 50. Ne7+ Kf6 51. Nd5+ Ke5 52.
Nb6 Rb3 53. Nc4+ Kf4 54. Kf1 Rc3 55. Nd6 Kf3 56. Ke1 g3 57. Nb5 Re3+ 58. Kd1 g2
59. Nd4+ Kf2 60. Nf5 g1=Q+ 61. Kc2 Re2+ 62. Kc3 Qc1+ 63. Kd4 Qd1+ 64. Kc5 Rc2+
65. Kb4 Qb1+ 66. Ka5 Ra2# 0-1

[Event "4NCL Division 3s"]
[Site "Daventry Court ENG"]
[Date "2014.11.15"]
[Round "1.248"]
[White "Moore, Gerald"]
[Black "Hung, Dylan"]
[Result "1-0"]
[WhiteElo "2182"]
[BlackElo "1349"]
[PlyCount "39"]
[EventDate "2014.11.15"]
[WhiteTeam "Broadland Bitterns (1)"]
[BlackTeam "Barnet Knights 3"]

1. Nf3 c6 2. g3 d5 3. Bg2 Nf6 4. c4 Bf5 5. cxd5 cxd5 6. Qb3 Qc7 7. Nc3 e6 8. d3
Nbd7 9. O-O Be7 10. Bf4 Bd6 11. Nb5 Qb6 12. Nxd6+ Ke7 13. Qa3 Bg6 14. Nf5+ Kd8
15. Qe7+ Kc8 16. Rac1+ Qc7 17. Rxc7+ Kb8 18. Rxd7+ e5 19. Qd6+ Kc8 20. Qc7# 1-0

[Event "4NCL Division 3s"]
[Site "Daventry Court ENG"]
[Date "2014.11.15"]
[Round "1.255"]
[White "Bucknell, Malcolm"]
[Black "Towers, Nigel S"]
[Result "1-0"]
[WhiteElo "1935"]
[BlackElo "1849"]
[PlyCount "153"]
[EventDate "2014.11.15"]
[WhiteTeam "Anglian Avengers 3"]
[BlackTeam "e2e4.org.uk 4"]

1. d4 Nf6 2. Nf3 e6 3. g3 c5 4. Bg2 Nc6 5. O-O Be7 6. c4 cxd4 7. Nxd4 O-O 8.
Nc3 d5 9. cxd5 exd5 10. Bf4 Nxd4 11. Qxd4 Be6 12. Rfd1 Qa5 13. Nxd5 Nxd5 14.
Bxd5 Rad8 15. e4 Rd7 16. Qc3 Qd8 17. Qb3 Bxd5 18. Rxd5 Rxd5 19. exd5 Qd7 20. d6
Bf6 21. Rc1 g5 22. Be3 Qxd6 23. Qxb7 Rb8 24. Rc8+ Rxc8 25. Qxc8+ Kg7 26. Qf5 h6
27. b3 a6 28. Qc2 Qe5 29. Qe2 Qe6 30. Qd3 Qc6 31. a4 Kg8 32. h3 Kg7 33. Kh2 Kg8
34. Qc4 Qxc4 35. bxc4 Kf8 36. Kg2 Ke7 37. Kf3 h5 38. g4 h4 39. Ke4 Ke6 40. f4
gxf4 41. Kxf4 Bd8 42. Bf2 Bc7+ 43. Kg5 Bg3 44. Bd4 Be1 45. Kf4 Bg3+ 46. Kf3 Kd6
47. Ke4 Ke6 48. Be3 Be1 49. Bf4 Bf2 50. Kf3 Be1 51. Ke2 Bb4 52. Kd3 Bc5 53. Be3
Bd6 54. c5 Bg3 55. Ke4 Be1 56. Bf4 f6 57. c6 Bc3 58. c7 Kd7 59. Kf5 Bd4 60. Ke4
Bc3 61. Kd3 Be1 62. Kd4 Bf2+ 63. Ke4 Be1 64. Bh2 Bc3 65. Kf5 Bd4 66. Ke4 Bc3
67. Kd5 Be1 68. Bg1 Kxc7 69. Bd4 Kd7 70. Bxf6 Ke8 71. Ke6 Kf8 72. Kd7 Kf7 73.
Bd8 Bf2 74. Kc6 Ke8 75. Bb6 Be1 76. a5 Bd2 77. Kb7 1-0

[Event "4NCL Division 3s"]
[Site "Daventry Court ENG"]
[Date "2014.11.15"]
[Round "1"]
[White "Taylor, Dale C"]
[Black "Hall, Antony"]
[Result "1-0"]
[WhiteElo "1942"]
[BlackElo "1963"]
[PlyCount "83"]
[EventDate "2014.11.15"]
[WhiteTeam "e2e4.org.uk 4"]
[BlackTeam "Anglian Avengers 3"]

1. Nf3 Nf6 2. c4 c5 3. Nc3 Nc6 4. d4 cxd4 5. Nxd4 g6 6. e4 Bg7 7. Be3 O-O 8.
Be2 d6 9. O-O Nd7 10. Nb3 b6 11. Qd2 Bb7 12. f3 Rc8 13. Nd4 Nxd4 14. Bxd4 Bxd4+
15. Qxd4 Nc5 16. Rfd1 Ne6 17. Qd2 Kg7 18. Rac1 Qe8 19. Nd5 Nc7 20. b3 Qd7 21.
a4 Rcd8 22. a5 e6 23. axb6 Nxd5 24. cxd5 axb6 25. Qd4+ e5 26. Qxb6 Rc8 27. Bb5
Qe7 28. Rxc8 Rxc8 29. Bc6 Rc7 30. b4 f5 31. b5 Bc8 32. Qe3 Ra7 33. b6 Ra5 34.
b7 Bxb7 35. Qb6 Bxc6 36. Qxa5 Be8 37. Qb6 fxe4 38. fxe4 g5 39. Rc1 Qf6 40. Rc7+
Kh6 41. Qf2 Qg6 42. g4 1-0

[Event "4NCL Division 3s"]
[Site "Daventry Court ENG"]
[Date "2014.11.15"]
[Round "1.2"]
[White "Willow, Jonah B"]
[Black "Fogg, Martin"]
[Result "0-1"]
[WhiteElo "1861"]
[BlackElo "1906"]
[PlyCount "66"]
[EventDate "2014.11.15"]
[WhiteTeam "e2e4.org.uk 4"]
[BlackTeam "Anglian Avengers 3"]

1. e4 c5 2. Nf3 d6 3. d4 cxd4 4. Nxd4 Nf6 5. Nc3 a6 6. Bg5 e6 7. f4 Nbd7 8. Bc4
Qc7 9. Bb3 b5 10. a3 Bb7 11. Qf3 Nxe4 12. Nxe4 Nc5 13. Qh5 Bxe4 14. Nxe6 Nxe6
15. Bxe6 g6 16. Qh3 Bg7 17. Qe3 Qc6 18. Bb3 O-O 19. O-O-O Rac8 20. Rd2 Rfe8 21.
Qf2 d5 22. Rhd1 d4 23. Kb1 a5 24. g4 a4 25. Ba2 Qc5 26. Kc1 b4 27. axb4 Qxb4
28. Qg3 d3 29. c4 Rb8 30. Qf2 a3 31. f5 Bxb2+ 32. Rxb2 axb2+ 33. Kb1 d2# 0-1

[Event "4NCL Division 3s"]
[Site "Daventry Court ENG"]
[Date "2014.11.15"]
[Round "1.3"]
[White "Woodcock, Keith"]
[Black "David, Ivan"]
[Result "0-1"]
[WhiteElo "1681"]
[BlackElo "1826"]
[PlyCount "62"]
[EventDate "2014.11.15"]
[WhiteTeam "Anglian Avengers 3"]
[BlackTeam "e2e4.org.uk 4"]

1. d4 d6 2. Nc3 Nf6 3. e4 e5 4. dxe5 dxe5 5. Qxd8+ Kxd8 6. Bg5 Be6 7. O-O-O+
Kc8 8. Nf3 Nbd7 9. h3 Bb4 10. Bd3 c6 11. Ne2 Ne8 12. Bh4 f6 13. c3 Bc5 14. b4
Bf8 15. Rd2 a5 16. b5 Nc5 17. bxc6 Nxd3+ 18. Rxd3 bxc6 19. Rhd1 Ba3+ 20. Kc2
Kc7 21. Nd2 g5 22. Bg3 Rf8 23. Nd4 Bg8 24. f3 Rb8 25. Rb1 Nd6 26. Nf5 Nc4 27.
Nb3 a4 28. Nbd4 Rxb1 29. Kxb1 Rb8+ 30. Kc2 Rb2+ 31. Kd1 Rxg2 0-1

[Event "4NCL Division 3s"]
[Site "Daventry Court ENG"]
[Date "2014.11.15"]
[Round "1.4"]
[White "Winter, Kevin"]
[Black "Sheerin, Alex"]
[Result "1/2-1/2"]
[WhiteElo "1822"]
[BlackElo "1626"]
[PlyCount "89"]
[EventDate "2014.11.15"]
[WhiteTeam "e2e4.org.uk 4"]
[BlackTeam "Anglian Avengers 3"]

1. e4 c5 2. a3 Nc6 3. b4 d6 4. b5 Ne5 5. Nc3 g6 6. f4 Nd7 7. Nf3 Bg7 8. Bc4 e6
9. O-O Qf6 10. f5 Nb6 11. fxe6 Nxc4 12. exf7+ Qxf7 13. Ng5 Qe7 14. h4 Nh6 15.
Nd5 Bd4+ 16. Kh1 Qe5 17. c3 Ng4 18. Nc7+ Kd7 19. Qxg4+ Kxc7 20. cxd4 Qxd4 21.
Qe2 Qxa1 22. Qxc4 Qd4 23. Qxd4 cxd4 24. Bb2 Bd7 25. Rf7 h6 26. Ne6+ Kc8 27.
Nxd4 Re8 28. d3 Kc7 29. Rf1 Rf8 30. Rc1+ Kb6 31. Kg1 Rac8 32. Rb1 Rf7 33. Bc1
h5 34. a4 Rcf8 35. Be3 Kc7 36. Rc1+ Kb8 37. Bh6 Rc8 38. Re1 Rc3 39. Re3 Ra3 40.
e5 dxe5 41. Rxe5 Rxa4 42. Nf3 Rb4 43. Rd5 Rxb5 44. Rd6 Bc6 45. Nd4 1/2-1/2

[Event "4NCL Division 3s"]
[Site "Daventry Court ENG"]
[Date "2014.11.15"]
[Round "1.9"]
[White "Levens, David G"]
[Black "Buckley, David E"]
[Result "1-0"]
[WhiteElo "1956"]
[BlackElo "2281"]
[PlyCount "55"]
[EventDate "2014.11.15"]
[WhiteTeam "e2e4.org.uk 5"]
[BlackTeam "Downend & Fishponds"]

1. e4 Nf6 2. e5 Nd5 3. d4 d6 4. c4 Nb6 5. Nf3 g6 6. Be2 Bg7 7. O-O O-O 8. h3
Nc6 9. Bf4 dxe5 10. dxe5 Be6 11. Nbd2 Nd7 12. Ng5 Bf5 13. g4 h6 14. gxf5 hxg5
15. Bxg5 Ndxe5 16. Nf3 gxf5 17. Qc2 Nxf3+ 18. Bxf3 Nd4 19. Qd1 Qd6 20. Kh1 f4
21. Rg1 Kh8 22. Bxb7 f3 23. Bxf3 Nxf3 24. Qxf3 f5 25. Bf4 Qd4 26. Qh5+ Kg8 27.
Rxg7+ Qxg7 28. Rg1 1-0

[Event "4NCL Division 3s"]
[Site "Daventry Court ENG"]
[Date "2014.11.15"]
[Round "1.10"]
[White "Russell, Chris"]
[Black "Homolka, Vincent O"]
[Result "1/2-1/2"]
[WhiteElo "2096"]
[BlackElo "1790"]
[PlyCount "60"]
[EventDate "2014.11.15"]
[WhiteTeam "Downend & Fishponds"]
[BlackTeam "e2e4.org.uk 5"]

1. e4 d5 2. exd5 Qxd5 3. Nc3 Qa5 4. d4 Nf6 5. Bc4 c6 6. Nge2 Bf5 7. O-O e6 8.
Ng3 Bg6 9. Qe2 Qd8 10. Re1 Be7 11. Bg5 O-O 12. Rad1 Nbd7 13. h4 h6 14. Bxf6
Nxf6 15. h5 Bh7 16. Nge4 Nd5 17. Qf3 Qc7 18. a3 Rad8 19. Bd3 Nf4 20. Bf1 Rd7
21. g3 Nd5 22. Bh3 Rfd8 23. Kh2 c5 24. dxc5 Bxc5 25. Rd3 Be7 26. Red1 Qc6 27.
Nxd5 Rxd5 28. Rxd5 Rxd5 29. Nc3 Rxd1 30. Qxd1 Qd6 1/2-1/2

[Event "4NCL Division 3s"]
[Site "Daventry Court ENG"]
[Date "2014.11.15"]
[Round "1.11"]
[White "Homer, Neil S"]
[Black "Savory, Richard"]
[Result "1/2-1/2"]
[WhiteElo "1702"]
[BlackElo "2106"]
[PlyCount "156"]
[EventDate "2014.11.15"]
[WhiteTeam "e2e4.org.uk 5"]
[BlackTeam "Downend & Fishponds"]

1. Nf3 c5 2. c4 Nf6 3. Nc3 Nc6 4. d4 cxd4 5. Nxd4 d6 6. e4 g6 7. Be3 Bg7 8. Be2
O-O 9. O-O Bd7 10. f3 Qb6 11. Na4 Qa5 12. Nxc6 Bxc6 13. Nc3 Rac8 14. Rc1 a6 15.
a3 Rfd8 16. Qd2 b5 17. Nd5 Qxd2 18. Bxd2 Nxd5 19. cxd5 Bd7 20. Bc3 Bxc3 21.
Rxc3 Rxc3 22. bxc3 Rc8 23. Rc1 a5 24. Kf2 Kf8 25. Ke3 e6 26. dxe6 fxe6 27. Kd2
Ke7 28. Rb1 Rc5 29. g4 Kf6 30. f4 g5 31. Rf1 Bc6 32. Bd3 gxf4 33. Rxf4+ Kg5 34.
Rf7 Kxg4 35. Rxh7 Kf4 36. Rh4+ Ke5 37. Rh5+ Kf4 38. Rh4+ Kg5 39. Rh8 Kf6 40.
Rh6+ Ke5 41. Rh5+ Kf6 42. Rh6+ Ke7 43. Rh7+ Kd8 44. Rh8+ Ke7 45. h4 Kd7 46. h5
Ke7 47. h6 Kf7 48. e5 Rxe5 49. h7 Rh5 50. Rg8 Rh2+ 51. Ke1 Rh1+ 52. Kf2 Rh2+
53. Ke1 Rh1+ 54. Kd2 Rh2+ 55. Kc1 Rh1+ 56. Kb2 Rh2+ 57. Bc2 Rxc2+ 58. Kxc2 Be4+
59. Kd2 Bxh7 60. Ra8 Be4 61. Rxa5 Bc6 62. Ra6 Bd5 63. Rxd6 Ke7 64. Rb6 Bc4 65.
Rb8 Kd6 66. Rc8 Kd7 67. Rh8 Kd6 68. Ke3 Kc5 69. Rc8+ Kd5 70. Kf4 Be2 71. Kg5
Ke4 72. Rd8 Bc4 73. Kf6 Bd5 74. Rc8 Kd3 75. Ke5 Bc4 76. Rc7 Kxc3 77. Ra7 Bb3
78. Ra5 Ba4 1/2-1/2

[Event "4NCL Division 3s"]
[Site "Daventry Court ENG"]
[Date "2014.11.15"]
[Round "1.12"]
[White "Meadows, Mike"]
[Black "Manger, John D"]
[Result "1-0"]
[WhiteElo "1818"]
[BlackElo "1766"]
[PlyCount "59"]
[EventDate "2014.11.15"]
[WhiteTeam "Downend & Fishponds"]
[BlackTeam "e2e4.org.uk 5"]

1. e4 e5 2. Nf3 Nc6 3. Bb5 Bc5 4. O-O d6 5. c3 a6 6. Ba4 b5 7. Bc2 Bg4 8. h3
Bh5 9. d3 Nf6 10. Bg5 h6 11. Be3 Ba7 12. Bxa7 Rxa7 13. Nbd2 O-O 14. Qe2 Re8 15.
Rfd1 Qe7 16. Nf1 Nd8 17. Ng3 Bxf3 18. Qxf3 Ne6 19. Nf5 Qf8 20. Nxh6+ gxh6 21.
Qxf6 Qg7 22. Qxg7+ Kxg7 23. g3 Rg8 24. Bb3 Ng5 25. h4 Nh7 26. a4 Rb7 27. Bd5
Rbb8 28. axb5 axb5 29. Ra7 Nf6 30. Bc6 1-0

[Event "4NCL Division 3s"]
[Site "Daventry Court ENG"]
[Date "2014.11.15"]
[Round "1.13"]
[White "Snook-Lumb, Chris"]
[Black "Humphreys, Jerry"]
[Result "0-1"]
[WhiteElo "1682"]
[BlackElo "2045"]
[PlyCount "112"]
[EventDate "2014.11.15"]
[WhiteTeam "e2e4.org.uk 5"]
[BlackTeam "Downend & Fishponds"]

1. c4 Nf6 2. g3 c5 3. Bg2 Nc6 4. Nc3 e6 5. Nf3 b6 6. d4 cxd4 7. Nxd4 Bb7 8. O-O
Rc8 9. b3 d6 10. Bb2 Be7 11. Qd2 O-O 12. Rad1 a6 13. Nc2 Qc7 14. e4 Rfd8 15.
Ne3 Qb8 16. Qe2 Ba8 17. f4 Ne8 18. f5 Ne5 19. Ng4 Nxg4 20. Qxg4 Nf6 21. Qf3
exf5 22. Qxf5 b5 23. Nd5 Bxd5 24. cxd5 Qa7+ 25. Bd4 Qd7 26. Qf2 Qg4 27. h3 Qg6
28. Rd3 Nd7 29. Rf3 Bf6 30. Be3 Ne5 31. Rf5 Rc3 32. h4 Ng4 33. h5 Qxf5 34. Qxf5
Nxe3 35. Qf2 Nxf1 36. Bxf1 Rdc8 37. Qf5 Bd4+ 38. Kh2 Be5 39. a4 bxa4 40. bxa4
a5 41. Qd7 Bxg3+ 42. Kg2 Be5 43. Bd3 h6 44. Kf2 R8c7 45. Qb5 R3c5 46. Qb8+ Kh7
47. Ke2 g6 48. Qb1 g5 49. Qf1 Kg7 50. Qf5 Rb7 51. Bb5 Rbc7 52. Bc6 Rc2+ 53. Kd3
Rh2 54. Qg4 Re7 55. Bd7 Rh4 56. Qf3 Rxd7 0-1

[Event "4NCL Division 3s"]
[Site "Daventry Court ENG"]
[Date "2014.11.15"]
[Round "1.14"]
[White "White, Martin"]
[Black "Lavelle, Terry"]
[Result "1-0"]
[WhiteElo "1834"]
[BlackElo "1558"]
[PlyCount "56"]
[EventDate "2014.11.15"]
[WhiteTeam "Downend & Fishponds"]
[BlackTeam "e2e4.org.uk 5"]

1. e4 c5 2. c4 Nc6 3. Ne2 g6 4. d4 cxd4 5. Nxd4 Bg7 6. Be3 Qa5+ 7. Nc3 a6 8.
Qd2 h5 9. Be2 d6 10. O-O Nxd4 11. Bxd4 Nf6 12. Bd3 Bh6 13. Qe2 e5 14. Be3 Bg7
15. a3 Be6 16. b4 Qd8 17. Rfd1 Ng4 18. c5 Qh4 19. h3 Nxe3 20. Qxe3 Bh6 21. Qf3
dxc5 22. bxc5 Rc8 23. Rab1 Qe7 24. Nd5 Bxd5 25. exd5 Rxc5 26. Bxa6 bxa6 27.
Rb8+ Kd7 28. Rxh8 Qg5 1-0

[Event "4NCL Division 3s"]
[Site "Daventry Court ENG"]
[Date "2014.11.16"]
[Round "2.55"]
[White "Polaczek, Richard"]
[Black "Kemp, Peter"]
[Result "0-1"]
[WhiteElo "2433"]
[BlackElo "2179"]
[PlyCount "96"]
[EventDate "2014.11.16"]

1. d4 f5 2. Bg5 g6 3. Nc3 Bg7 4. h4 d6 5. e3 h6 6. Bf4 Nf6 7. Qf3 O-O 8. Bc4+
e6 9. O-O-O Qe8 10. Qe2 a6 11. a3 b5 12. Bb3 Bb7 13. f3 Kh8 14. Bh2 Nbd7 15. e4
fxe4 16. fxe4 e5 17. d5 Nc5 18. Nf3 Qd7 19. Bg1 Nxb3+ 20. cxb3 Nh5 21. Bh2 Rf7
22. Ne1 Raf8 23. Nd3 Nf4 24. Bxf4 exf4 25. e5 Bxe5 26. Nxe5 dxe5 27. Qxe5+ Kh7
28. Ne4 Rf5 29. Ng5+ Kg8 30. Qe6+ Qxe6 31. Nxe6 Rc8 32. Rd4 Bxd5 33. Nxf4 Bxb3
34. Nxg6 Rc5+ 35. Kd2 Re8 36. Rc1 Rxc1 37. Kxc1 c5 38. Rd3 c4 39. Rf3 Re2 40.
Nf4 Rc2+ 41. Kb1 Rd2 42. Rf1 a5 43. g4 b4 44. axb4 axb4 45. Rc1 Rd4 46. Rf1 c3
47. bxc3 bxc3 48. Ne2 Rd1+ 0-1

[Event "4NCL Division 3s"]
[Site "Daventry Court ENG"]
[Date "2014.11.16"]
[Round "2.56"]
[White "Pedersen, Carsten"]
[Black "Hughes, Roy"]
[Result "1-0"]
[WhiteElo "2140"]
[BlackElo "2010"]
[PlyCount "59"]
[EventDate "2014.11.16"]

1. e4 d5 2. exd5 Qxd5 3. Nc3 Qd6 4. d4 Nf6 5. Nf3 c6 6. Ne5 Nbd7 7. Nc4 Qc7 8.
g3 Nb6 9. Bf4 Qd8 10. Ne5 Be6 11. Bg2 g6 12. O-O Nfd5 13. Nxd5 Bxd5 14. Bh3 f6
15. Nd3 g5 16. Bd2 h5 17. Bf5 Bf7 18. Re1 Qd5 19. Be4 Qxd4 20. Bc3 Qd6 21. Bb4
Qc7 22. Nc5 Nd5 23. Bf5 Rd8 24. Ba3 e5 25. Qf3 Be7 26. Rad1 b6 27. Ne6 Bxe6 28.
Bxe6 Bxa3 29. Bxd5 Ke7 30. Qxa3+ 1-0